| 000 | 00000nam##2200000za#4500 |
| 001 | 9.517040 |
| 003 | CaOODSP |
| 005 | 20220405153322 |
| 007 | ta |
| 008 | 150406|1991||||xxc||||| f|0| 0 eng|d |
| 022 | |a0226-4587 |
| 040 | |aCaOODSP|beng |
| 041 | |aeng |
| 041 | |afre |
| 043 | |an-cn--- |
| 086 | 1 |aP29-157-004-1-1991 |
| 110 | 2 |aCanadian General Standards Board. |
| 245 | 10|aLiquid flow measurement in open channels, part 2: Determination of stage-discharge relation / |cPrepared by the International Organization for Standardization. Reviewed by the Canadian General Standards Board. |
| 260 | |aOttawa - Ontario : |bCanadian General Standards Board |cJune, 1991. |
| 300 | |aEnglish text, 33p. : |bgraphs, tables ; |c28 cm. |
| 490 | 1 |aNational standard of Canada|x0226-4587 |vCAN/CGSB-157.4-M91 |
| 500 | |aISO 1100-2:1982. |
| 546 | |aBilingual |
| 563 | |aSoftcover |
| 590 | |a91-33|b1991-08-16 |
| 792 | |tMesure de débit des liquides dans les canaux découverts, partie 2: Détermination de la relation hauteur-débit / |efre|w(CaOODSP)9.517041 |
| 830 | #0|aNational standard of Canada,|x0226-4587 |vCAN/CGSB-157.4-M91|w(CaOODSP)9.509558 |
| 986 | |aNational Standard of Canada |